| 000 -Etiqueta do registo | |
|---|---|
| campo de controlo de comprimento fixo | 006080000a22001930004500 |
| 001 - Identificador do registo | |
| Campo de controlo | 5133 |
| 100 ## - Dados Gerais de Proc. | |
| Dados gerais de processamento | 20001031d1981 m y0pory5003 ba |
| 101 0# - Língua da publicação | |
| Língua do texto, banda sonora, etc. | Português |
| 102 ## - País de Publicação | |
| País de publicação | Portugal |
| 200 ## - Título | |
| Título próprio | O pároco de aldeia |
| -- | O galego |
| Informação de outro título | vida, ditos e feitos de Lázaro Tomé |
| Primeira menção de responsabilidade | Alexandre Herculano |
| 210 ## - Publicação, Distribuição | |
| Lugar da edição, distribuição, etc. | Porto |
| Nome do editor, distribuidor, etc. | Lello & irmão |
| Data da publicação, distribuição, etc. | 1981 |
| 215 ## - Descrição física | |
| Descrição física | 286 p |
| 225 2# - Colecção | |
| Título próprio da colecção | Biblioteca iniciação literária |
| Indicação de volume | 38 |
| 675 ## - CDU | |
| Notação | 821.134.3-34 |
| Edição | BN |
| Língua da edição | Português |
| 700 #1 - Responsabilidade principal | |
| Koha Internal Code | 48870 |
| Palavra de ordem | Herculano |
| Outra parte do nome | Alexandre |
| Datas | 1810-1877 |
| 090 ## - Números de controlo do sistema (Koha) | |
| Número biblioitem do Koha (gerado automaticamente) | 5133 |
| 942 ## - Elementos de entrada adicionados (Koha) | |
| Tipo de item no Koha | Monografias |
| Suprimido | Disponível no OPAC |
| 999 ## - Campo local | |
| Campo local | 5133 |
| Removido (estado) | Perdido (estado) | Data de aquisição | Origem do registo (biblioteca) (codificado) | Código da organização que empresta ou é detentora (biblioteca) | Código de barras | Local | Número de inventário | Cota | Tipo de circulação (não pode ser emprestado) | Tipo de item e material |
|---|---|---|---|---|---|---|---|---|---|---|
| Disponível | Disponível | 2000-10-31 | Biblioteca Municipal Álvaro de Campos | Biblioteca Municipal Álvaro de Campos | BMTAV16735 | Sala de Adultos | 16735 | R3 HER | Normal | Monografias |